00968 2200193 4500001002100000005001500021035002000036008004100056245004600097100001000143250000600153260004000159300001200199084001400211082000800225650001000233520051900243990001200762INLIS00000000000109520240522095927 a0010-0524000330240522 1 ind 1 aTenggelamnya Kapal Van Der Wijck /cHamka aHamka a1 aJakarta :bPT. Bulan Bintang,c1984 a224 hlm a813 HAM t a813 4aFiksi aZainuddin, seorang pemuda yang berdarah Minang dari ayah dan berdarah Bugis dari ibu dengan hati penuh harapan dan angan akan sambutan gembira dari keluarga ayahnya dari tanah kelahirannya, Mengkasar, pergi ke Padang Panjang, kampung halaman sang ayah. Namun, apa yang diinginkannya tidak terjadi. Di kampung halaman dan oleh keluarganya dia dianggap orang asing. Ketidaknyamanan hidup di kampung halamannya terobati karena perkenalannya dengan Hayati. Mereka saling jatuh cinta dalam keikhlasan dan kesucian jiwa. a0744073